Suomen maakuntien pinta-alaltaan suurimmat kunnat - Statistics

Yleistilastot
  • Tätä visaa on pelattu 582 kertaa
  • Keskiarvotulos 33 / 54
Vastaustilastot
Maakunta Kunta Pinta-ala (km²) % Oikein
Lappi Inari 17 333,65
86%
Keski-Suomi Jyväskylä 1466,35
84%
Etelä-Karjala Lappeenranta 1723,55
84%
Pohjois-Savo Kuopio 3740,10
83%
Satakunta Pori 2061,98
83%
Pohjois-Pohjanmaa Oulu 3880,62
82%
Pohjois-Karjala Joensuu 2751,07
81%
Etelä-Pohjanmaa Seinäjoki 1469,25
81%
Kanta-Häme Hämeenlinna 2031,52
80%
Kymenlaakso Kouvola 2883,29
80%
Etelä-Savo Mikkeli 3229,57
80%
Kymenlaakso Kotka 949,78
78%
Keski-Pohjanmaa Kokkola 1487,02
77%
Lappi Sodankylä 12 415,50
77%
Lappi Enontekiö 8391,35
76%
Satakunta Rauma 1110,13
74%
Varsinais-Suomi Salo 2168,31
74%
Pohjois-Pohjanmaa Kuusamo 5808,92
73%
Etelä-Savo Savonlinna 3597,71
71%
Kainuu Kuhmo 5456,78
69%
Uusimaa Porvoo 2139,81
69%
Keski-Suomi Jämsä 1823,77
66%
Kainuu Sotkamo 2951,87
66%
Pohjois-Karjala Lieksa 4067,60
65%
Päijät-Häme Heinola 839,28
63%
Kainuu Suomussalmi 5857,62
63%
Kymenlaakso Hamina 1155,12
61%
Uusimaa Raasepori 2354,26
61%
Pohjois-Karjala Ilomantsi 3172,69
60%
Pirkanmaa Ylöjärvi 1324,14
59%
Pirkanmaa Sastamala 1531,74
58%
Etelä-Pohjanmaa Kauhava 1328,08
56%
Pohjois-Pohjanmaa Pudasjärvi 5867,25
56%
Etelä-Pohjanmaa Kurikka 1743,86
53%
Etelä-Savo Pieksämäki 1836,22
53%
Päijät-Häme Sysmä 936,18
52%
Keski-Suomi Viitasaari 1589,13
51%
Uusimaa Loviisa 1751,52
50%
Pohjanmaa Mustasaari 3178,61
49%
Pirkanmaa Virrat 1299,08
48%
Etelä-Karjala Ruokolahti 1219,85
47%
Pohjanmaa Närpiö 2334,14
46%
Päijät-Häme Orimattila 814,01
46%
Varsinais-Suomi Parainen 5548,09
45%
Etelä-Karjala Luumäki 859,84
44%
Kanta-Häme Tammela 715,14
42%
Kanta-Häme Loppi 655,97
41%
Varsinais-Suomi Kemiönsaari 2801,21
36%
Pohjois-Savo Leppävirta 1519,65
36%
Pohjanmaa Maalahti 1954,94
36%
Keski-Pohjanmaa Perho 775,19
36%
Pohjois-Savo Sonkajärvi 1576,75
36%
Keski-Pohjanmaa Toholampi 616,88
35%
Satakunta Merikarvia 1246,22
34%
Ehtoja vastaavia visoja ei löytynyt
Tulosjakauma
Jokaisen tuloksen saaneiden osuus
Persentiili vastausten määrän mukaan
Tuloshistoriasi
Et ole pelannut tätä visaa